Nennen Sie die Verben, die mit C beginnen - Statistiken

Allgemein
  • Dieses Quiz wurde 61 mal gespielt
    45 seit der letzten Aktualisierung
  • Das Durchschnittsergebnis liegt bei 3 aus 23
Antwortstatistiken
Antwort % Korrekt
chauffieren
36%
chillen
36%
charakterisieren
33%
choreografieren
30%
chlorieren
27%
chatten
24%
checken
24%
chiffrieren
24%
changieren
21%
chargieren
18%
chloren
18%
codieren
12%
campieren
9%
campen
6%
catchen
6%
chartern
6%
christianisieren
6%
cutten
3%
chloroformieren
0%
clinchen
0%
coachen
0%
computerisieren
0%
cracken
0%
Keine übereinstimmenden Quizze gefunden
Verteilung der Resultate
Anzahl Personen mit jedem Resultat
Perzentil nach korrekt beantworteten Fragen
Ihre Resultats-Entwicklung
Sie haben dieses Quiz seit der letzten Aktualisierung nicht gespielt